Magnetic Bearing (Record no. 545957)
[ view plain ]
| 000 -LEADER | |
|---|---|
| fixed length control field | 00325nam a22001217a 4500 |
| 082 ## - DEWEY DECIMAL CLASSIFICATION NUMBER | |
| Classification number | 621.822 |
| Author Mark | MAG |
| -- | L-13, P-92 |
| 100 ## - MAIN ENTRY--PERSONAL NAME | |
| Personal name | Schweitzer,G. |
| 9 (RLIN) | 41940 |
| 245 ## - TITLE STATEMENT | |
| Title | Magnetic Bearing |
| Statement of responsibility, etc. | Schweitzer,G. |
| 260 ## - PUBLICATION, DISTRIBUTION, ETC. | |
| Date of publication, distribution, etc. | 1988 |
| Place of publication, distribution, etc. | Tokyo. |
| Name of publisher, distributor, etc. | Springer.: |
| 300 ## - PHYSICAL DESCRIPTION | |
| Extent | 390p. |
| Other physical details | ill. |
| 526 ## - STUDY PROGRAM INFORMATION NOTE | |
| Program name | 0 |
| Interest level | 0 |
| Reading level | 0 |
| Title point value | 621_822000000000000_MAG |
| 942 ## - ADDED ENTRY ELEMENTS (KOHA) | |
| Source of classification or shelving scheme | |
| Koha item type | Book |
| Withdrawn status | Lost status | Source of classification or shelving scheme | Damaged status | Not for loan | Permanent Location | Current Location | Date acquired | Total Checkouts | Full call number | Barcode | Date last seen | Price effective from | Koha item type |
|---|---|---|---|---|---|---|---|---|---|---|---|---|---|
| Military College of Engineering (MCE) | Military College of Engineering (MCE) | 05/30/2014 | 621.822 MAG | MCE-27549 | 05/30/2014 | 05/30/2014 | Book |
